[Event "v4camp2016"]
[Site "?"]
[Date "2016.06.21"]
[Round "1.17"]
[White "Suchomelova, Simona"]
[Black "Brnusak, Andrej"]
[Result "1/2-1/2"]
[BlackElo "1668"]
[WhiteElo "1833"]
[LiveChessVersion "1.4.8"]

1. e4 {[%clk 1:30:52]} c5 {[%clk 1:30:52]} 2. Nf3 {[%clk 1:31:13]} e6
{[%clk 1:31:13]} 3. c4 {[%clk 1:29:56]} Nc6 {[%clk 1:29:24]} 4. Nc3
{[%clk 1:28:39]} Qc7 {[%clk 1:28:19]} 5. Be2 {[%clk 1:27:26]} Nf6
{[%clk 1:27:00]} 6. O-O {[%clk 1:26:41]} Be7 {[%clk 1:25:56]} 7. d4
{[%clk 1:25:46]} cxd4 {[%clk 1:24:04]} 8. Nxd4 {[%clk 1:26:04]} O-O
{[%clk 1:21:28]} 9. Be3 {[%clk 1:23:47]} a6 {[%clk 1:19:18]} 10. f3
{[%clk 1:18:37]} Rd8 {[%clk 1:16:28]} 11. Nb3 {[%clk 1:11:26]} Ne5
{[%clk 1:10:48]} 12. Na4 {[%clk 1:01:16]} Rf8 {[%clk 1:00:19]} 13. Nb6
{[%clk 0:56:34]} Rb8 {[%clk 1:00:09]} 14. f4 {[%clk 0:50:19]} Nc6
{[%clk 0:58:05]} 15. e5 {[%clk 0:48:44]} Ne8 {[%clk 0:55:52]} 16. Bd3
{[%clk 0:43:48]} d6 {[%clk 0:50:54]} 17. exd6 {[%clk 0:30:34]} Bxd6
{[%clk 0:49:20]} 18. c5 {[%clk 0:29:24]} Be7 {[%clk 0:48:31]} 19. Rc1
{[%clk 0:26:19]} Nf6 {[%clk 0:46:28]} 20. a3 {[%clk 0:21:31]} Rd8
{[%clk 0:43:42]} 21. Qc2 {[%clk 0:20:27]} h6 {[%clk 0:40:46]} 22. Kh1
{[%clk 0:14:43]} Nd5 {[%clk 0:38:11]} 23. Nxd5 {[%clk 0:14:58]} Rxd5
{[%clk 0:38:22]} 24. Be4 {[%clk 0:13:57]} Rd8 {[%clk 0:37:06]} 25. f5
{[%clk 0:11:30]} e5 {[%clk 0:33:02]} 26. f6 {[%clk 0:09:02]} Bxf6
{[%clk 0:31:23]} 27. Bxh6 {[%clk 0:02:15]} Qe7 {[%clk 0:27:37]} 28. Be3
{[%clk 0:01:46]} Be6 {[%clk 0:25:36]} 29. Rfd1 {[%clk 0:01:06]} Rxd1+
{[%clk 0:24:47]} 30. Rxd1 {[%clk 0:01:30]} Rd8 {[%clk 0:24:41]} 31. Rxd8+
{[%clk 0:01:20]} Qxd8 {[%clk 0:25:04]} 32. Nd2 {[%clk 0:00:59]} Bg5
{[%clk 0:22:52]} 33. Bxg5 {[%clk 0:01:07]} Qxg5 {[%clk 0:23:16]} 34. Nf3
{[%clk 0:01:16]} Qe3 {[%clk 0:21:55]} 35. Bxc6 {[%clk 0:00:57]} bxc6
{[%clk 0:21:58]} 36. Qd2 {[%clk 0:01:01]} Qxc5 {[%clk 0:21:08]} 37. Qd8+
{[%clk 0:01:28]} Kh7 {[%clk 0:21:12]} 38. Qh4+ {[%clk 0:01:53]} Kg8
{[%clk 0:19:55]} 39. Qd8+ {[%clk 0:01:46]} Kh7 {[%clk 0:17:24]} 40. Qh4+
{[%clk 0:01:42]} Kg8 {[%clk 0:16:46]} 1/2-1/2

[Event "v4camp2016"]
[Site "?"]
[Date "2016.06.21"]
[Round "1.18"]
[White "Pogadl, Martin"]
[Black "Nemcova, Kamila"]
[Result "0-1"]
[BlackElo "1743"]
[WhiteElo "1464"]
[LiveChessVersion "1.4.8"]

1. c4 {[%clk 1:30:58]} c6 {[%clk 1:30:53]} 2. Nc3 {[%clk 1:31:21]} Nf6
{[%clk 1:31:03]} 3. Nf3 {[%clk 1:31:32]} d5 {[%clk 1:29:29]} 4. cxd5
{[%clk 1:31:06]} cxd5 {[%clk 1:29:48]} 5. d4 {[%clk 1:30:56]} e6 {[%clk 1:28:58]}
6. e3 {[%clk 1:30:10]} Be7 {[%clk 1:27:37]} 7. Be2 {[%clk 1:28:34]} O-O
{[%clk 1:25:42]} 8. O-O {[%clk 1:29:02]} Nbd7 {[%clk 1:23:53]} 9. Bd2
{[%clk 1:27:44]} Nb6 {[%clk 1:08:39]} 10. Rc1 {[%clk 1:23:23]} Bd7
{[%clk 0:58:53]} 11. Bd3 {[%clk 1:18:47]} Rc8 {[%clk 0:55:14]} 12. Qe2
{[%clk 1:16:47]} a6 {[%clk 0:51:41]} 13. a3 {[%clk 1:15:41]} Nc4 {[%clk 0:47:09]}
14. Bxc4 {[%clk 1:14:10]} Rxc4 {[%clk 0:44:43]} 15. Ne5 {[%clk 1:13:19]} Rc7
{[%clk 0:43:55]} 16. Nxd7 {[%clk 1:08:17]} Qxd7 {[%clk 0:43:52]} 17. Na2
{[%clk 1:06:23]} Rfc8 {[%clk 0:43:22]} 18. Rxc7 {[%clk 1:03:56]} Rxc7
{[%clk 0:42:23]} 19. Rc1 {[%clk 1:03:01]} Ne4 {[%clk 0:34:50]} 20. Rxc7
{[%clk 1:01:39]} Qxc7 {[%clk 0:35:10]} 21. Qd3 {[%clk 0:57:09]} Bd6
{[%clk 0:31:52]} 22. g3 {[%clk 0:53:02]} h5 {[%clk 0:27:06]} 23. f3
{[%clk 0:48:36]} Nxd2 {[%clk 0:15:39]} 24. Qxd2 {[%clk 0:49:00]} Qc4
{[%clk 0:14:32]} 25. Nc3 {[%clk 0:47:41]} b5 {[%clk 0:13:09]} 26. Qc2
{[%clk 0:41:15]} a5 {[%clk 0:10:23]} 27. Kf2 {[%clk 0:37:35]} b4 {[%clk 0:09:35]}
28. axb4 {[%clk 0:31:10]} axb4 {[%clk 0:09:59]} 29. Qa4 {[%clk 0:29:08]} bxc3
{[%clk 0:09:45]} 30. Qxc4 {[%clk 0:28:29]} dxc4 {[%clk 0:10:12]} 31. bxc3
{[%clk 0:28:56]} Bc7 {[%clk 0:07:23]} 32. Ke2 {[%clk 0:29:13]} h4
{[%clk 0:07:22]} 33. f4 {[%clk 0:29:16]} hxg3 {[%clk 0:07:29]} 34. hxg3
{[%clk 0:29:35]} Ba5 {[%clk 0:03:37]} 35. Kd2 {[%clk 0:30:01]} f5
{[%clk 0:04:03]} 36. Kc2 {[%clk 0:30:16]} Kf7 {[%clk 0:04:20]} 0-1

[Event "v4camp2016"]
[Site "?"]
[Date "2016.06.21"]
[Round "1.19"]
[White "Homolkova, Ivana"]
[Black "Taragelova, Martina"]
[Result "1/2-1/2"]
[BlackElo "1656"]
[WhiteElo "1645"]
[LiveChessVersion "1.4.8"]

1. e4 {[%clk 1:30:57]} e5 {[%clk 1:30:54]} 2. Nf3 {[%clk 1:31:22]} Nc6 3. d4
{[%clk 1:31:27]} exd4 {[%clk 1:31:38]} 4. Nxd4 {[%clk 1:31:49]} Nf6
{[%clk 1:31:58]} 5. Nc3 {[%clk 1:30:56]} Bb4 {[%clk 1:32:16]} 6. Nxc6
{[%clk 1:30:08]} bxc6 7. Bd3 O-O {[%clk 1:22:58]} 8. O-O {[%clk 1:28:40]} d5
{[%clk 1:20:38]} 9. Bg5 {[%clk 1:26:09]} Bxc3 {[%clk 1:08:17]} 10. bxc3
{[%clk 1:26:10]} dxe4 {[%clk 1:08:11]} 11. Bxf6 {[%clk 1:26:14]} Qxf6
{[%clk 1:08:24]} 12. Bxe4 {[%clk 1:25:37]} Qxc3 {[%clk 1:00:52]} 13. Qf3
{[%clk 1:24:24]} Qxf3 {[%clk 0:59:07]} 14. Bxf3 {[%clk 1:24:06]} Bf5
{[%clk 0:50:19]} 15. Bxc6 {[%clk 1:23:48]} Rab8 {[%clk 0:50:03]} 16. Ba4
{[%clk 1:23:38]} Rfd8 {[%clk 0:43:21]} 17. Rfd1 {[%clk 1:22:14]} Kf8
{[%clk 0:39:56]} 18. Rxd8+ {[%clk 1:20:07]} Rxd8 {[%clk 0:40:16]} 19. Re1
{[%clk 1:20:22]} Be6 {[%clk 0:39:09]} 20. Bb3 {[%clk 1:19:33]} Bxb3
{[%clk 0:38:13]} 21. axb3 {[%clk 1:19:23]} Rd2 {[%clk 0:37:12]} 22. Rc1
{[%clk 1:19:38]} a5 {[%clk 0:36:23]} 23. Kf1 {[%clk 1:19:28]} Ke7
{[%clk 0:36:00]} 24. Ke1 {[%clk 1:19:19]} Rd5 {[%clk 0:35:34]} 25. Rd1
{[%clk 1:18:43]} Kd6 {[%clk 0:27:56]} 26. c3 {[%clk 1:16:35]} Ke5
{[%clk 0:21:31]} 27. Rxd5+ {[%clk 1:16:19]} Kxd5 {[%clk 0:21:46]} 28. Kd2
{[%clk 1:16:33]} Ke4 {[%clk 0:16:36]} 29. f3+ {[%clk 1:15:36]} Kd5
{[%clk 0:16:18]} 30. Kd3 {[%clk 1:15:06]} c5 {[%clk 0:15:47]} 31. c4+
{[%clk 1:14:03]} Ke5 {[%clk 0:15:41]} 32. Ke3 {[%clk 1:13:39]} f5
{[%clk 0:14:46]} 33. f4+ {[%clk 1:12:25]} Kf6 {[%clk 0:14:13]} 34. h3
{[%clk 1:11:10]} g6 {[%clk 0:12:34]} 35. g3 {[%clk 1:07:22]} h6 {[%clk 0:10:27]}
36. g4 {[%clk 0:59:20]} fxg4 {[%clk 0:04:04]} 37. hxg4 {[%clk 0:59:44]} h5
{[%clk 0:04:13]} 38. Kf3 {[%clk 0:59:45]} Kf7 {[%clk 0:01:04]} 39. Kg3
{[%clk 0:58:59]} hxg4 {[%clk 0:00:46]} 40. Kxg4 {[%clk 0:59:08]} Kf6
{[%clk 0:01:09]} 41. Kf3 {[%clk 0:58:43]} Kf5 {[%clk 0:01:01]} 42. Ke3
{[%clk 0:58:51]} Kf6 {[%clk 0:01:07]} 43. Kf3 {[%clk 0:53:41]} Kf5
{[%clk 0:01:22]} 44. Kg3 {[%clk 0:53:47]} Ke6 {[%clk 0:01:39]} 45. Kf2
{[%clk 0:50:47]} Kf6 {[%clk 0:01:41]} 46. Ke3 {[%clk 0:50:10]} 1/2-1/2

[Event "v4camp2016"]
[Site "?"]
[Date "2016.06.21"]
[Round "1.20"]
[White "Datelova, Daniela"]
[Black "Broz, Petr"]
[Result "1-0"]
[BlackElo "1621"]
[WhiteElo "1331"]
[LiveChessVersion "1.4.8"]

1. c4 {[%clk 1:30:58]} e6 {[%clk 1:30:39]} 2. e4 {[%clk 1:30:59]} Nc6
{[%clk 1:29:40]} 3. Nf3 {[%clk 1:30:53]} Nf6 {[%clk 1:29:00]} 4. Nc3
{[%clk 1:30:18]} Bb4 {[%clk 1:26:47]} 5. d3 {[%clk 1:29:32]} d5 {[%clk 1:25:39]}
6. cxd5 {[%clk 1:19:21]} exd5 {[%clk 1:24:41]} 7. exd5 {[%clk 1:16:20]} Nxd5
{[%clk 1:20:53]} 8. Bd2 {[%clk 1:16:10]} Bf5 {[%clk 1:17:29]} 9. Be2
{[%clk 1:13:34]} Nxc3 {[%clk 1:16:14]} 10. Bxc3 {[%clk 1:13:45]} Bxc3+
{[%clk 1:15:54]} 11. bxc3 {[%clk 1:13:54]} O-O {[%clk 1:14:25]} 12. O-O
{[%clk 1:13:47]} Re8 {[%clk 1:13:13]} 13. Re1 {[%clk 1:11:08]} Re6
{[%clk 1:03:52]} 14. Rb1 {[%clk 1:09:41]} Qe7 {[%clk 0:59:38]} 15. Rxb7
{[%clk 1:04:01]} Re8 {[%clk 0:57:21]} 16. Rb2 {[%clk 1:03:57]} Bg4
{[%clk 0:57:17]} 17. d4 {[%clk 1:03:04]} Bxf3 {[%clk 0:57:27]} 18. gxf3
{[%clk 1:03:07]} Rg6+ {[%clk 0:57:01]} 19. Kh1 {[%clk 1:03:16]} Qh4
{[%clk 0:57:02]} 20. Bd3 {[%clk 1:02:05]} Rxe1+ {[%clk 0:56:17]} 21. Qxe1
{[%clk 1:02:15]} Re6 {[%clk 0:56:22]} 22. Qb1 {[%clk 0:59:25]} Qe7
{[%clk 0:55:43]} 23. Be4 {[%clk 0:57:09]} Nd8 {[%clk 0:50:17]} 24. Rb8
{[%clk 0:55:36]} Kf8 {[%clk 0:48:42]} 25. Qb7 {[%clk 0:48:11]} f5
{[%clk 0:47:50]} 26. Qa8 {[%clk 0:46:08]} fxe4 {[%clk 0:43:46]} 27. Rxd8+
{[%clk 0:46:24]} Kf7 {[%clk 0:44:05]} 28. Qd5 {[%clk 0:46:45]} exf3
{[%clk 0:35:08]} 29. Rd7 {[%clk 0:44:39]} Qxd7 30. Qxd7+ {[%clk 0:44:54]} Kf6
{[%clk 0:35:54]} 31. h3 {[%clk 0:44:50]} 1-0

[Event "v4camp2016"]
[Site "?"]
[Date "2016.06.21"]
[Round "1.21"]
[White "Szotkowski, David"]
[Black "Buco, Martin"]
[Result "1-0"]
[BlackElo "1689"]
[WhiteElo "1783"]
[LiveChessVersion "1.4.8"]

1. d4 {[%clk 1:30:58]} e6 {[%clk 1:30:58]} 2. e4 {[%clk 1:31:00]} d5
{[%clk 1:31:26]} 3. Nd2 {[%clk 1:30:47]} dxe4 {[%clk 1:31:12]} 4. Nxe4
{[%clk 1:31:02]} Nf6 {[%clk 1:31:41]} 5. Bd3 {[%clk 1:30:58]} Nbd7
{[%clk 1:31:01]} 6. Nf3 {[%clk 1:31:04]} c5 {[%clk 1:31:14]} 7. c3 Be7 8. O-O
Nxe4 9. Bxe4 {[%clk 1:28:50]} Nf6 {[%clk 1:21:01]} 10. Bc2 {[%clk 1:28:52]} b6
{[%clk 1:17:07]} 11. Re1 {[%clk 1:26:11]} Bb7 {[%clk 1:15:25]} 12. Ba4+
{[%clk 1:26:01]} Nd7 {[%clk 1:12:44]} 13. Ne5 {[%clk 1:25:56]} Bc8
{[%clk 1:13:12]} 14. Nxf7 {[%clk 1:24:05]} Kxf7 {[%clk 1:12:43]} 15. Qf3+
{[%clk 1:24:06]} Nf6 {[%clk 1:13:07]} 16. Qxa8 {[%clk 1:24:12]} cxd4
{[%clk 1:12:31]} 17. Bf4 {[%clk 1:23:42]} Nd5 {[%clk 1:10:26]} 18. Be5
{[%clk 1:20:12]} Rf8 {[%clk 1:06:54]} 19. c4 {[%clk 1:18:49]} Nc7
{[%clk 1:03:10]} 20. Qc6 {[%clk 1:18:00]} Na6 {[%clk 1:02:28]} 21. Rad1
{[%clk 1:17:03]} Bc5 {[%clk 1:00:47]} 22. a3 {[%clk 1:15:54]} Qe7
{[%clk 1:00:49]} 23. b4 {[%clk 1:15:27]} Kg8 {[%clk 0:55:39]} 24. bxc5
{[%clk 1:15:19]} Nxc5 {[%clk 0:56:07]} 25. Bd6 {[%clk 1:15:27]} Qg5
{[%clk 0:54:25]} 26. Bxf8 {[%clk 1:15:11]} Bb7 {[%clk 0:54:34]} 27. Be7
{[%clk 1:14:06]} 1-0

[Event "v4camp2016"]
[Site "?"]
[Date "2016.06.21"]
[Round "1.22"]
[White "Poliakova, Emma"]
[Black "Berezjuk, Rostislav"]
[Result "1-0"]
[BlackElo "1588"]
[WhiteElo "1826"]
[LiveChessVersion "1.4.8"]

1. e4 {[%clk 1:30:56]} e5 {[%clk 1:30:47]} 2. Nf3 {[%clk 1:31:11]} Nf6
{[%clk 1:30:24]} 3. Nxe5 {[%clk 1:30:17]} d6 {[%clk 1:30:36]} 4. Nf3
{[%clk 1:30:06]} Nxe4 {[%clk 1:30:31]} 5. Nc3 {[%clk 1:29:27]} Nxc3
{[%clk 1:24:47]} 6. dxc3 {[%clk 1:28:31]} Bg4 {[%clk 1:19:50]} 7. Bc4
{[%clk 1:25:24]} Be7 {[%clk 1:15:59]} 8. Qd4 {[%clk 1:12:44]} Be6
{[%clk 0:56:24]} 9. Bxe6 {[%clk 1:10:05]} fxe6 {[%clk 0:56:35]} 10. Qxg7
{[%clk 1:09:13]} Bf6 {[%clk 0:55:20]} 11. Qg4 {[%clk 1:07:54]} Qe7
{[%clk 0:51:29]} 12. Be3 {[%clk 1:04:30]} Nc6 {[%clk 0:45:26]} 13. Nd4
{[%clk 0:56:38]} Kd7 {[%clk 0:43:24]} 14. O-O-O {[%clk 0:53:02]} Rhg8
{[%clk 0:42:08]} 15. Qh3 {[%clk 0:51:02]} Rg6 {[%clk 0:32:32]} 16. g3
{[%clk 0:47:31]} Nxd4 {[%clk 0:28:58]} 17. Bxd4 {[%clk 0:45:01]} b6
{[%clk 0:26:01]} 18. f4 {[%clk 0:41:16]} c5 {[%clk 0:24:11]} 19. f5
{[%clk 0:26:55]} exf5 {[%clk 0:17:12]} 20. Qxf5+ {[%clk 0:24:58]} Kc7
{[%clk 0:16:50]} 21. Bxf6 {[%clk 0:23:50]} Rxf6 {[%clk 0:16:18]} 22. Qd5
{[%clk 0:23:04]} Raf8 {[%clk 0:15:57]} 23. Rhe1 {[%clk 0:21:22]} Qf7
{[%clk 0:13:57]} 24. Qxf7+ {[%clk 0:16:41]} R8xf7 {[%clk 0:14:04]} 25. b3
{[%clk 0:15:38]} Kd7 {[%clk 0:09:59]} 26. Re2 {[%clk 0:14:20]} Rg7
{[%clk 0:09:23]} 27. c4 {[%clk 0:13:48]} a6 {[%clk 0:07:51]} 28. a4
{[%clk 0:11:26]} a5 {[%clk 0:07:25]} 29. Rde1 {[%clk 0:09:33]} Rf8
{[%clk 0:05:41]} 30. Re4 {[%clk 0:08:44]} h5 {[%clk 0:03:57]} 31. Kd2
{[%clk 0:08:24]} Rf2+ {[%clk 0:02:41]} 32. R1e2 {[%clk 0:08:24]} Rf8
{[%clk 0:03:03]} 33. Re6 {[%clk 0:07:35]} Rh7 {[%clk 0:02:41]} 34. Rg6
{[%clk 0:07:17]} Re8 {[%clk 0:01:21]} 35. Rxe8 {[%clk 0:07:01]} Kxe8
{[%clk 0:01:44]} 36. Rxd6 {[%clk 0:07:08]} Rf7 {[%clk 0:00:58]} 37. Ke2
{[%clk 0:06:03]} Re7+ {[%clk 0:01:09]} 38. Kd3 {[%clk 0:05:46]} Rb7 39. Rh6
{[%clk 0:05:46]} Rd7+ {[%clk 0:01:01]} 40. Kc3 {[%clk 0:06:03]} Re7
{[%clk 0:00:51]} 41. Rxh5 {[%clk 0:05:51]} Re6 {[%clk 0:01:04]} 42. Rh4
{[%clk 0:04:20]} Kf7 {[%clk 0:01:19]} 43. Kd3 {[%clk 0:04:12]} Kg6
{[%clk 0:01:23]} 44. Re4 {[%clk 0:04:02]} Rf6 {[%clk 0:01:34]} 45. Ke3
{[%clk 0:03:43]} Kh5 {[%clk 0:00:35]} 46. h3 {[%clk 0:03:38]} Kg5
{[%clk 0:00:54]} 47. Re5+ {[%clk 0:03:04]} Kh6 {[%clk 0:00:55]} 48. h4
{[%clk 0:02:47]} Kg6 {[%clk 0:01:03]} 49. g4 {[%clk 0:02:40]} Rd6
{[%clk 0:00:35]} 50. Rd5 {[%clk 0:02:32]} Re6+ {[%clk 0:00:35]} 51. Kf3
{[%clk 0:02:49]} Rf6+ {[%clk 0:00:58]} 52. Kg3 {[%clk 0:02:56]} Re6
{[%clk 0:01:14]} 53. h5+ {[%clk 0:02:04]} Kg7 {[%clk 0:00:46]} 54. Rf5
{[%clk 0:01:35]} Rh6 {[%clk 0:00:52]} 55. Rg5+ {[%clk 0:01:12]} Kf7
{[%clk 0:01:16]} 56. Rg6 {[%clk 0:01:25]} 1-0

[Event "v4camp2016"]
[Site "?"]
[Date "2016.06.21"]
[Round "1.23"]
[White "Fortiak, Samuel"]
[Black "Bielik, Jakub"]
[Result "1/2-1/2"]
[BlackElo "1715"]
[WhiteElo "1503"]
[LiveChessVersion "1.4.8"]

1. e4 {[%clk 1:30:50]} e6 {[%clk 1:30:54]} 2. d4 {[%clk 1:30:25]} d5
{[%clk 1:31:17]} 3. exd5 {[%clk 1:29:56]} exd5 {[%clk 1:31:39]} 4. Nf3
{[%clk 1:29:26]} Nf6 {[%clk 1:31:31]} 5. Bg5 {[%clk 1:26:54]} Be6
{[%clk 1:31:50]} 6. Bd3 {[%clk 1:23:17]} Bd6 {[%clk 1:31:19]} 7. Nbd2
{[%clk 1:19:05]} Nbd7 {[%clk 1:31:31]} 8. c3 {[%clk 1:13:30]} c6 {[%clk 1:31:48]}
9. Qc2 {[%clk 1:12:03]} Qc7 {[%clk 1:32:04]} 10. O-O {[%clk 1:09:19]} O-O
{[%clk 1:32:20]} 11. Bh4 {[%clk 1:03:04]} Rfe8 {[%clk 1:19:25]} 12. Rfe1
{[%clk 0:58:13]} h6 {[%clk 1:08:38]} 13. Re2 {[%clk 0:54:38]} Nh5
{[%clk 0:50:00]} 14. Bg3 {[%clk 0:45:29]} Nxg3 {[%clk 0:43:34]} 15. hxg3
{[%clk 0:45:00]} Bg4 {[%clk 0:43:11]} 16. Rae1 {[%clk 0:42:29]} Nf6
{[%clk 0:42:54]} 17. Bf5 {[%clk 0:32:44]} Bxf5 {[%clk 0:31:09]} 18. Qxf5
{[%clk 0:32:28]} Rxe2 {[%clk 0:31:21]} 19. Rxe2 {[%clk 0:26:31]} Qa5
{[%clk 0:27:03]} 20. Qb1 {[%clk 0:20:34]} b5 {[%clk 0:20:04]} 21. b4
{[%clk 0:16:32]} Qb6 {[%clk 0:13:11]} 22. Nb3 {[%clk 0:10:58]} Ne4
{[%clk 0:10:17]} 23. Qd3 {[%clk 0:10:20]} Qd8 {[%clk 0:08:49]} 24. Na5
{[%clk 0:08:21]} Qc7 {[%clk 0:07:25]} 25. Ne5 {[%clk 0:04:04]} Bxe5
{[%clk 0:06:04]} 26. dxe5 {[%clk 0:03:22]} Rc8 {[%clk 0:05:31]} 27. c4
{[%clk 0:01:22]} bxc4 {[%clk 0:04:16]} 28. Nxc4 {[%clk 0:01:16]} Qb7
{[%clk 0:03:39]} 29. Nd6 {[%clk 0:01:18]} Nxd6 {[%clk 0:04:04]} 30. exd6
{[%clk 0:01:28]} Qd7 {[%clk 0:03:04]} 31. Qa6 {[%clk 0:01:34]} Rf8
{[%clk 0:02:32]} 32. Rc2 {[%clk 0:01:34]} Qxd6 {[%clk 0:02:09]} 33. Rxc6
{[%clk 0:01:11]} Qd7 {[%clk 0:01:36]} 34. Rd6 {[%clk 0:01:22]} Qf5
{[%clk 0:00:36]} 35. Qa5 {[%clk 0:01:35]} Re8 {[%clk 0:00:44]} 36. b5
{[%clk 0:00:50]} Qb1+ {[%clk 0:00:59]} 37. Kh2 {[%clk 0:01:07]} Re1
{[%clk 0:00:47]} 38. g4 {[%clk 0:00:45]} Rh1+ {[%clk 0:00:35]} 39. Kg3
{[%clk 0:01:03]} Qd3+ {[%clk 0:00:37]} 40. f3 {[%clk 0:01:12]} Qe3
{[%clk 0:00:42]} 41. Qd8+ {[%clk 0:01:03]} Kh7 {[%clk 0:01:02]} 42. Rxd5
{[%clk 0:01:26]} g5 {[%clk 0:00:42]} 43. Rd1 {[%clk 0:00:58]} Qe5+
{[%clk 0:00:47]} 44. Kf2 {[%clk 0:01:06]} Rxd1 {[%clk 0:00:58]} 45. Qxd1
{[%clk 0:01:15]} Qxb5 {[%clk 0:01:08]} 46. Qb3 {[%clk 0:01:01]} Qc5+
{[%clk 0:01:17]} 47. Kg3 {[%clk 0:00:42]} Qc7+ {[%clk 0:01:36]} 48. Kf2
{[%clk 0:00:54]} Qc5+ {[%clk 0:01:08]} 49. Kg3 {[%clk 0:00:37]} Qc7+
{[%clk 0:01:22]} 1/2-1/2

[Event "v4camp2016"]
[Site "?"]
[Date "2016.06.21"]
[Round "1.24"]
[White "Hrebicik, David"]
[Black "Niczyporuk, Jakub"]
[Result "1-0"]
[BlackElo "1227"]
[WhiteElo "1721"]
[LiveChessVersion "1.4.8"]

1. d4 {[%clk 1:30:58]} d6 {[%clk 1:30:50]} 2. e4 {[%clk 1:31:19]} g6
{[%clk 1:30:57]} 3. Nc3 {[%clk 1:31:18]} Bg7 {[%clk 1:30:36]} 4. Bc4
{[%clk 1:31:25]} Nf6 {[%clk 1:30:43]} 5. Nge2 {[%clk 1:31:31]} b6
{[%clk 1:29:56]} 6. O-O {[%clk 1:29:17]} Bb7 {[%clk 1:29:12]} 7. e5
{[%clk 1:21:12]} dxe5 {[%clk 1:24:21]} 8. dxe5 {[%clk 1:21:07]} Qxd1
{[%clk 1:22:00]} 9. Rxd1 {[%clk 1:21:19]} Ng4 {[%clk 1:18:40]} 10. e6
{[%clk 1:18:32]} Ne5 {[%clk 1:17:01]} 11. exf7+ {[%clk 1:17:59]} Nxf7
{[%clk 1:16:44]} 12. Nb5 {[%clk 1:15:06]} Be5 {[%clk 1:14:28]} 13. Bf4
{[%clk 1:13:05]} Na6 {[%clk 1:12:21]} 14. Bxf7+ {[%clk 1:12:52]} Kxf7
{[%clk 1:12:00]} 15. Bxe5 {[%clk 1:13:19]} Rhd8 {[%clk 1:12:03]} 16. Nec3
{[%clk 1:09:14]} c6 {[%clk 1:10:23]} 17. Nc7 {[%clk 1:09:21]} Rac8
{[%clk 1:09:41]} 18. Nxa6 {[%clk 1:09:12]} Bxa6 {[%clk 1:05:49]} 19. Rxd8
{[%clk 1:08:47]} Rxd8 {[%clk 1:06:08]} 20. Rd1 {[%clk 1:08:45]} Rxd1+
{[%clk 1:06:14]} 21. Nxd1 {[%clk 1:09:13]} Bc4 {[%clk 1:06:10]} 22. b3
{[%clk 1:09:33]} Bd5 {[%clk 1:06:34]} 23. Nc3 {[%clk 1:09:12]} Ke6
{[%clk 1:06:46]} 24. Bb8 {[%clk 1:09:23]} a6 {[%clk 1:07:02]} 25. Nxd5
{[%clk 1:09:38]} Kxd5 {[%clk 1:07:27]} 26. c3 {[%clk 1:09:12]} Ke4
{[%clk 1:07:35]} 27. f4 {[%clk 1:08:31]} Kd3 {[%clk 1:07:29]} 28. Be5
{[%clk 1:08:55]} Kc2 {[%clk 1:07:33]} 29. c4 {[%clk 1:09:07]} Kb1
{[%clk 1:07:45]} 30. a4 {[%clk 1:09:12]} Ka2 {[%clk 1:08:10]} 31. b4
{[%clk 1:09:12]} Kb3 {[%clk 1:08:25]} 32. b5 {[%clk 1:09:01]} axb5
{[%clk 1:08:35]} 33. c5 {[%clk 1:07:44]} bxc5 {[%clk 1:07:41]} 34. a5
{[%clk 1:08:07]} c4 {[%clk 1:08:09]} 35. a6 {[%clk 1:08:32]} c3 {[%clk 1:08:36]}
36. Bxc3 {[%clk 1:08:58]} Kxc3 {[%clk 1:09:02]} 37. a7 {[%clk 1:09:21]} b4
{[%clk 1:09:26]} 38. a8=Q {[%clk 1:09:43]} c5 {[%clk 1:09:41]} 39. Qf3+
{[%clk 1:08:16]} Kd4 {[%clk 1:09:28]} 40. Kf2 {[%clk 1:08:26]} c4
{[%clk 1:09:28]} 41. Qe3+ {[%clk 1:08:44]} Kd5 {[%clk 1:09:43]} 42. Qe5+
{[%clk 1:09:03]} Kc6 {[%clk 1:09:55]} 43. Qd4 {[%clk 1:09:18]} Kb5
{[%clk 1:10:11]} 44. Qd5+ {[%clk 1:09:34]} Ka4 {[%clk 1:10:29]} 45. Qxc4
{[%clk 1:09:58]} Ka3 {[%clk 1:10:55]} 46. Ke2 {[%clk 1:09:48]} b3
{[%clk 1:11:16]} 47. Kd2 {[%clk 1:10:07]} 1-0

[Event "v4camp2016"]
[Site "?"]
[Date "2016.06.21"]
[Round "1.25"]
[White "Krzeminski, Sebastian"]
[Black "Janecek, Miroslav"]
[Result "0-1"]
[BlackElo "1454"]
[WhiteElo "1832"]
[LiveChessVersion "1.4.8"]

1. d4 {[%clk 1:30:55]} Nf6 {[%clk 1:30:56]} 2. Bg5 {[%clk 1:30:16]} Ne4
{[%clk 1:30:27]} 3. h4 {[%clk 1:29:55]} h5 {[%clk 1:25:17]} 4. Qd3
{[%clk 1:25:51]} d5 {[%clk 1:24:23]} 5. c4 {[%clk 1:24:04]} Nxg5 {[%clk 1:20:16]}
6. hxg5 {[%clk 1:24:27]} g6 {[%clk 1:20:35]} 7. cxd5 {[%clk 1:23:12]} Qxd5
{[%clk 1:20:43]} 8. Nf3 {[%clk 1:22:12]} Bf5 {[%clk 1:14:20]} 9. Nc3
{[%clk 1:18:46]} Qa5 {[%clk 1:14:35]} 10. e4 {[%clk 1:18:42]} Bd7
{[%clk 1:14:26]} 11. Ne5 {[%clk 1:12:04]} Bg7 {[%clk 1:11:55]} 12. f4
{[%clk 1:10:59]} Bxe5 {[%clk 1:07:23]} 13. fxe5 {[%clk 1:08:19]} Nc6
{[%clk 1:05:46]} 14. O-O-O {[%clk 1:03:33]} Bg4 {[%clk 1:02:35]} 15. Be2
{[%clk 0:56:46]} Nb4 {[%clk 0:59:21]} 16. Qc4 {[%clk 0:43:32]} Nxa2+
{[%clk 0:52:33]} 17. Nxa2 {[%clk 0:42:35]} Bxe2 {[%clk 0:52:49]} 18. Qxe2
{[%clk 0:42:43]} Qxa2 {[%clk 0:53:08]} 19. Qb5+ {[%clk 0:42:43]} Kf8
{[%clk 0:52:22]} 20. Kc2 {[%clk 0:37:07]} Kg7 {[%clk 0:46:56]} 21. Rhf1
{[%clk 0:33:02]} c6 {[%clk 0:44:12]} 22. Qb4 {[%clk 0:32:19]} Qe6
{[%clk 0:41:15]} 23. Rf4 {[%clk 0:31:43]} a5 {[%clk 0:36:36]} 24. Qb3
{[%clk 0:30:07]} Qxb3+ {[%clk 0:36:29]} 25. Kxb3 {[%clk 0:30:36]} Rad8
{[%clk 0:32:27]} 26. Kc4 {[%clk 0:30:23]} b6 {[%clk 0:30:23]} 27. Rd2
{[%clk 0:28:13]} e6 {[%clk 0:27:58]} 28. Rf3 {[%clk 0:27:37]} Rd7
{[%clk 0:27:57]} 29. Rb3 {[%clk 0:25:46]} Rb8 {[%clk 0:24:48]} 30. Rc2
{[%clk 0:24:37]} b5+ {[%clk 0:22:20]} 31. Kd3 {[%clk 0:23:49]} Rbd8
{[%clk 0:19:28]} 32. Rxc6 {[%clk 0:23:18]} Rxd4+ {[%clk 0:19:53]} 33. Ke3
{[%clk 0:23:36]} Rd2 {[%clk 0:18:40]} 34. g3 {[%clk 0:22:20]} a4 {[%clk 0:17:52]}
35. Rbc3 {[%clk 0:21:59]} b4 {[%clk 0:18:00]} 36. Rc2 {[%clk 0:22:14]} R8d3+
{[%clk 0:16:01]} 37. Kf4 {[%clk 0:22:42]} b3 {[%clk 0:14:57]} 38. Rxd2
{[%clk 0:22:30]} Rxd2 {[%clk 0:15:24]} 39. Ke3 {[%clk 0:21:21]} Rxb2
{[%clk 0:14:52]} 40. Ra6 {[%clk 0:21:13]} Ra2 {[%clk 0:14:59]} 41. Kd3
{[%clk 0:21:00]} a3 {[%clk 0:14:23]} 0-1

[Event "v4camp2016"]
[Site "?"]
[Date "2016.06.21"]
[Round "1.26"]
[White "Palyza, Lukas"]
[Black "Urbanski, Wojciech"]
[Result "0-1"]
[BlackElo "1636"]
[WhiteElo "1348"]
[LiveChessVersion "1.4.8"]

1. e4 {[%clk 1:30:59]} c5 {[%clk 1:30:51]} 2. Bc4 {[%clk 1:31:23]} d6
{[%clk 1:30:45]} 3. Ne2 {[%clk 1:31:40]} Nf6 {[%clk 1:30:15]} 4. Nbc3
{[%clk 1:32:02]} e6 {[%clk 1:29:35]} 5. d4 {[%clk 1:32:05]} cxd4 {[%clk 1:29:24]}
6. Nxd4 {[%clk 1:32:19]} Be7 {[%clk 1:28:15]} 7. O-O {[%clk 1:28:52]} Bd7
{[%clk 1:27:25]} 8. Re1 {[%clk 1:25:20]} a6 {[%clk 1:25:54]} 9. a4
{[%clk 1:12:11]} Nc6 {[%clk 1:23:20]} 10. Be3 {[%clk 1:08:24]} Qc7
{[%clk 1:22:19]} 11. Nxc6 {[%clk 1:01:22]} Bxc6 {[%clk 1:21:29]} 12. a5
{[%clk 1:01:17]} Bxe4 {[%clk 1:08:45]} 13. Bb6 {[%clk 1:01:33]} Qxc4
{[%clk 1:08:53]} 14. Ra4 {[%clk 0:55:07]} Qc6 {[%clk 1:07:10]} 15. Nxe4
{[%clk 0:54:56]} Qxa4 {[%clk 1:06:54]} 16. Nxd6+ {[%clk 0:53:11]} Bxd6
{[%clk 1:06:25]} 17. Qxd6 {[%clk 0:53:25]} Qc6 {[%clk 1:06:24]} 18. Qd2
{[%clk 0:52:32]} O-O {[%clk 1:05:26]} 19. Bd4 {[%clk 0:50:48]} Rad8 0-1